Analýza vývoja nákladov na lieky v Odbornom liečebnom ústave tuberkulózy a respiračných chorôb Vyšné Hágy v rokoch 1985-1989 záverečná práca postgraduálneho štúdia

Salvato in:
Dettagli Bibliografici
Autore principale: Sersen, Timotej
Ente Autore: Vysoká škola ekonomická v Bratislave
Altri autori: Kuvíková, Helena
Natura: Libro
Lingua:slovacco
Pubblicazione: Bratislava 1990
Tags: Aggiungi Tag
Nessun Tag, puoi essere il primo ad aggiungerne!!

MARC

LEADER 00000nam a2200000 4500
001 c039279
005 20221215070252.9
041 0 |a slo 
044 |a SK 
245 1 0 |a Analýza vývoja nákladov na lieky v Odbornom liečebnom ústave tuberkulózy a respiračných chorôb Vyšné Hágy v rokoch 1985-1989  |b záverečná práca postgraduálneho štúdia  |c Timotej Sersen ; Ved. práce Helena Kuvíková 
264 1 |a Bratislava  |c 1990 
300 |a 29 s. 
100 1 |a Sersen, Timotej 
700 1 |a Kuvíková, Helena 
710 2 |a Vysoká škola ekonomická v Bratislave